000 004950000a22001450004500
041 0 _aSPA
082 0 4 _aG 222.1 A816s
245 1 0 _aLa Sagrada Escritura. Antiguo Testamento : Pentateuco / Félix Asencio...[et. al.] Profesores de la Compañía de Jesús, Texto y comentario
260 _aMadrid, España : Biblioteca de Autores Cristianos
300 _aXXIX, 1001 Pag
440 0 _aBiblioteca de Autores Cristianos
650 1 4 _aBIBLIA A.T. - TORÁ - COMENTARIOS
001 2100
942 _cBK
999 _c33136
_d33136